000 00505nam a22001695i 4500
001 54339
003 ES-MaACL
005 20230906162935.0
007 t|
008 960717s1876 fr ||||1| fre d
040 _aCAM
_bspa
_cCAM
100 1 _aFoissac, P.
_951422
245 1 3 _aLa chance ou La destinée /
_cpar P. Foissac.
260 _aParis [etc] :
_bJ.-B. Baillière et fils,
_c1876 (
_eSaint-Denis :
_fImprimerie Ch. Lambert)
300 _a[4], 662, [1] p. ;
_c22 cm.
852 _aES-MaACL
_jF-12739
999 _c54339
_d54339